000
00379nam a22001097a 4500
082
_a
891.433/BIS/N
100
_a
बिश्नोई,कैलाश मांजू
_9
83016
245
_a
इंस्टाग्राम वाला लव
260
_a
भोपाल
_b
मंजुल कथाकार
_c
2025
650
_a
उपन्यास
942
_c
HIN
999
_c
68640
_d
68640